000 00652nam a2200241Ia 4500
003 OSt
005 20221007063549.0
006 a|||||r|||| 00| 0
007 ta
008 221006b |||||||| |||| 00| 0 eng d
024 _a4,993
037 _cTextual
040 _aFLL
_cFLL
_beng
041 _2eng
_aeng
082 _aZ2:853, L4
100 _aMogha P.C. Au.
_9682503
245 0 _aLaw of pleadings in India
260 _aCalcutta
_bEastern Law House (Private) Ltd. India
_c1975
300 _a1061p
_ccm.
650 _aLaw of pleadings
_9684490
942 _hZ2:853, L4
_cTEXL
_2CC
999 _c1131550
_d1131550